000 00454nam a2200181Ia 4500
005 20250317131116.0
008 008 250317s9999 xx 000 0 eng d
037 _aTextbook
040 _aFMSL
_beng
_cFMSL
041 _aeng
_2eng
084 _qFMSL
100 _aMiller R L
_9735102
245 0 _aPersonal fice today
260 _aWest
_bWest, Pub. Co.
_c1979
300 _a549p
942 _cTB
999 _c1266703
_d1266703